000
00300nam a2200109Ia 4500
008
200302s9999 xx 000 0 und d
100
_a
Elaine Lewis
245
_a
Less is More A Practical Guide to Maximizing the Space in your Home
260
_b
Penguin Books Ltd.
260
_c
1995
300
_a
225 P.,
999
_c
1027
_d
1027